000 00567nam a2200193Ia 4500
005 20250326141356.0
008 250326s9999 xx 000 0 und d
020 _a1-55786-210-9
037 _aTextbook
040 _aFMSL
_beng
_cFMSL
041 _aeng
_2eng
084 _aX72 N1
_qFMSL
100 _aGuy Peters B
_9744304
245 0 _aPolitics of taxation ; a comparative perspective
_cGuy Peters B
260 _aUnited Kingdom
_bUnited Kingdom, Blackwell Combridge MA
_c1991
300 _a337p
942 _cTB
_hX72 N1
999 _c1290012
_d1290012